|
|
|
|
| LEADER |
00632cam a2200157ua 4500 |
| 082 |
|
|
|a M954.83
|b vel/k
|
| 100 |
0 |
|
|a വേലായുധൻ, പണിക്കശ്ശേരി
|
| 245 |
0 |
0 |
|a കേരള ചരിത്ര പഠനങ്ങൾ /
|
| 250 |
|
|
|a 1st ed.
|
| 260 |
|
|
|a Kottayam:
|b Current Books,
|c 1998.
|
| 300 |
|
|
|a 166p..
|
| 650 |
0 |
|
|a keralacharithrapatanangal
|a Kerala History-Studies
|
| 700 |
|
|
|a Velayudhan, Panikkassery
|
| 942 |
|
|
|c BK
|
| 999 |
|
|
|c 19196
|d 19196
|
| 952 |
|
|
|0 0
|1 0
|4 0
|6 M_954_830000000000000_VEL
|7 0
|9 20061
|a KUCL
|b KUCL
|d 2014-05-23
|l 17
|m 6
|o M954.83 vel/
|p 09967
|r 2019-03-19
|s 2019-01-22
|w 2014-05-23
|y BK
|z Send for Binding
|